000 00498nam a2200145Ia 4500
003 OSt
005 20260121113122.0
008 211028s2014 xx 000 0 und d
040 _cAIMIT LIBRARY
041 _aeng
100 _aMoraes, Trinee Olivetta; Kudtarkar, Ravi.
_g1216150
_97260
245 _aStudy conducted to determine the level of satisfaction among the India post customers at Indian market research bureau Bangalore /
260 _aMangalore
_bRavi Kudtarkar
_c2014
942 _2ddc
_cPRO
999 _c218830
_d218830